Tổng hành dinh trong mùa xuân đại thắng

Shranjeno v:
Bibliografske podrobnosti
Glavni avtor: VÕ NGUYÊN GIÁP
Format: Knjiga
Jezik:Undetermined
Izdano: Hà Nội Chính Trị Quốc Gia 2000
Teme:
Oznake: Označite
Brez oznak, prvi označite!
Thư viện lưu trữ: Trung tâm Học liệu Trường Đại học Cần Thơ
LEADER 00534nam a2200169Ia 4500
001 CTU_47189
008 210402s9999 xx 000 0 und d
082 |a 959.7043 
082 |b Gi109 
100 |a VÕ NGUYÊN GIÁP 
245 0 |a Tổng hành dinh trong mùa xuân đại thắng 
245 0 |c VÕ NGUYÊN GIÁP 
260 |a Hà Nội 
260 |b Chính Trị Quốc Gia 
260 |c 2000 
650 |a vietnamese conflict, 1961-1975 - united states 
980 |a Trung tâm Học liệu Trường Đại học Cần Thơ